Statistics for Most Visited National Parks

Click here to take the quiz!

General Stats

  • This quiz has been taken 30 times
    (13 since last reset)
  • The average score is 4 of 10

Answer Stats

Visitors (2022)National Park% Correct
4.73 millionGrand Canyon
77%
12.93 millionGreat Smoky Mountains
77%
3.29 millionYellowstone
46%
3.97 millionAcadia
38%
3.67 millionYosemite
38%
4.30 millionRocky Mountain
31%
4.69 millionZion
31%
2.908 millionGlacier
23%
3.06 millionJoshua Tree
23%
2.913 millionCuyahoga Valley
15%

Score Distribution

Percentile by Number Answered

Percent of People with Each Score

Your Score History

You have not taken this quiz since the last reset